Die "unsittlichen" Zustände unter der Peterswaldauer Fabrikbevölkerung im Jahr 1864

Titel: Die "unsittlichen" Zustände unter der Peterswaldauer Fabrikbevölkerung im Jahr 1864 / Jürgen W. Schmidt
Verfasser:
In: Schlesische Geschichtsblätter, Band 43, Heft 2 (2016), Seite 73-75
alle Artikel anzeigen
Veröffentlicht: 2016
Format: Aufsatz
Sprache: Deutsch
Schlagworte:
Kein Bild verfügbar
X
alg: 43122791
001A    $03025:16-05-18 
001B    $01999:16-05-18 $t22:52:23.000 
001C    $03025:16-05-18 $t15:51:02.000 
001D    $03025:16-05-18 
001U    $0utf8 
001X    $00 
002@    $0Aou 
002C    $aText $btxt $2rdacontent 
002D    $aohne Hilfsmittel zu benutzen $bn $2rdamedia 
002E    $aBand $bnc $2rdacarrier 
003@    $0431227918 
007A    $0431227918 $aHEB 
010@    $ager 
010E    $erda 
011@    $a2016 
021A    $aDie @"unsittlichen" Zustände unter der Peterswaldauer Fabrikbevölkerung im Jahr 1864 $hJürgen W. Schmidt 
028A    $BVerfasser $4aut $7131915118 $8Schmidt, Jürgen W.$Z1958- [Tp3] $9180122533 
031A    $d43 $e2 $h73-75 $j2016 
037A    $aEnthält Bericht  des Reichenbacher Landrats Cäsar Olearius vom 15. Februar 1864 (Seiten 73-74) sowie die Antwort der Abteilung des Innern der Regierung in Breslau (Seiten 74-75) 
039B    $aEnthalten in $8--Abvc--. Schlesische Geschichtsblätter. - Karlstadt : Verein für Geschichte Schlesiens, 1908-. - ISSN 2190-4871 $x201600000430002927 $9047349034 
044K    $#Olearius, ... $7134015622 $8Olearius, Cäsar Theodor Richard$Z1821-1901 [Tp1] $9195483790 
044K    $RPeterswaldau $RWoiwodschaft Niederschlesien $RPowiat dzierżoniowski $#Peterswaldau $74814919-6 $8Pieszyce [Tg1] $9126518602 
044K    $RArbeitnehmer $RArbeiterin $#Working class $#Travailleurs $#workers $#Arbeiter $#Arbeiter $#Arbeiterschaft $#Industriearbeiter $#Arbeiterschaft $#Fabrikarbeiter $#Industriearbeiter $#Lohnarbeiter $74112560-5 $8Arbeiter [Ts1] $9085331112 
044K    $RIndustrie $RTextilwirtschaft $#Textile industry $#Industries textiles $#textile industry $#Textilindustrie $#Textilindustrie $#Textilien Industrie $74059618-7 $8Textilindustrie [Ts1] $9085165867 
044K    $RSituation $RSoziale Stellung $RLebensbedingungen $#Social conditions $#Conditions sociales $#Soziale Lage $#Soziale Verhältnisse $#Soziallage $#Sozialverhältnisse $#Soziale Bedingungen $74077575-6 $8Soziale Situation [Ts1] $9085219878 
045R    $aGeschichte 1864 
045T    $a7,41 $a8,1 $a9,10 

lok: 43122791 78

exp: 43122791 78 1 #EPN
201B/01 $024-07-23 $t15:15:12.000 
201C/01 $016-05-18 
201U/01 $0utf8 
203@/01 $01021991716 
208@/01 $a16-05-18 $be 
209A/01 $a/ $f000 $x00 
209A/01 $ab*p $x01 
209S/01 $uhttps://www.vfgs.eu/index.php?cat=Publikationen%20ab%201971&file=Die_unsittlichen_Zustaende_unter_der_Peterswaldauer_Fabrikbevoelkerung_im_Jahre_1864.pdf $XH 
220C/01 $apgar 
244Z/01 $#Schlesien $#Schlesien $#Herzogtum Schlesien $#Herzogtum Schlesien Schlesien $#Provinz Schlesien $#Śla̜sk $#Slezsko $#Silesia $74052678-1 $8--Tg1--Schlesien $x01 $9085146781 
244Z/01 $#Electronic publications $#Publications électroniques $#Elektronische Publikation $#Computerdatei Formschlagwort $#Datei Formschlagwort $#Elektronisches Dokument $#Magnetband Formschlagwort $#Magnetbandkassette Formschlagwort $#Elektronische Ressource $#Digitale Publikation $74514269-5 $8--Ts1--Elektronische Publikation $x21 $9089274407 
247C/01 $82080>Marburg/Lahn, Herder-Institut, Forschungsbibliothek, Bibliographieportal $9336309341
LEADER 00000caa a2200000 c 4500
001 431227918
003 DE-603
005 20180516225223.0
007 tu
008 180516s2016 xx |||| | u00||u|ger c
035 |a (DE-599)HEB431227918 
040 |a DE-603  |b ger  |c DE-603  |d DE-603  |e rda 
041 |a ger 
084 |a 7,41  |a 8,1  |a 9,10  |2 ssgn 
100 1 |a Schmidt, Jürgen W.  |d 1958-  |e Verfasser  |4 aut  |0 (DE-603)180122533  |0 (DE-588)131915118  |2 gnd 
245 0 0 |a ˜Dieœ "unsittlichen" Zustände unter der Peterswaldauer Fabrikbevölkerung im Jahr 1864  |c Jürgen W. Schmidt 
264 0 |c 2016 
336 |a Text  |b txt  |2 rdacontent 
337 |a ohne Hilfsmittel zu benutzen  |b n  |2 rdamedia 
338 |a Band  |b nc  |2 rdacarrier 
500 |a Enthält Bericht des Reichenbacher Landrats Cäsar Olearius vom 15. Februar 1864 (Seiten 73-74) sowie die Antwort der Abteilung des Innern der Regierung in Breslau (Seiten 74-75) 
600 1 7 |a Olearius, Cäsar Theodor Richard  |d 1821-1901  |0 (DE-588)134015622  |0 (DE-603)195483790  |2 gnd 
648 7 |a Geschichte 1864  |2 gnd 
650 7 |a Arbeiter  |0 (DE-588)4112560-5  |0 (DE-603)085331112  |2 gnd 
650 7 |a Textilindustrie  |0 (DE-588)4059618-7  |0 (DE-603)085165867  |2 gnd 
650 7 |a Soziale Situation  |0 (DE-588)4077575-6  |0 (DE-603)085219878  |2 gnd 
651 7 |a Pieszyce  |0 (DE-588)4814919-6  |0 (DE-603)126518602  |2 gnd 
773 0 8 |i Enthalten in  |t Schlesische Geschichtsblätter  |d Karlstadt : Verein für Geschichte Schlesiens, 1908-  |h 24 cm  |x 2190-4871  |g Band 43, Heft 2 (2016), Seite 73-75  |w (DE-603)047349034  |w (DE-600)216898-4 
924 0 |9 2080  |a (DE-603)1021991716  |b DE-2080  |c HES  |d d  |g /  |k https://www.vfgs.eu/index.php?cat=Publikationen%20ab%201971&file=Die_unsittlichen_Zustaende_unter_der_Peterswaldauer_Fabrikbevoelkerung_im_Jahre_1864.pdf